000 01294nam a2200349 a 4500
001 vtls000184132
003 NLI
005 20210602111254.0
008 101125s2008 enka 001 0 eng
020 _a1403998779 :
_cUSD 60.00
039 9 _y201011252216
_zVLOAD
040 _aNLI
_beng
_cDatasoft 1
_eAACR2
041 0 _aeng
044 _aenk
082 0 4 _a332.1
100 1 _aKhan, M. Mansoor
_q(Mohammed Mansoor),
_d1968-
_9359456
245 1 0 _aDevelopments in Islamic banking :
_bthe case of Pakistan /
_cM. Mansoor Khan and M. Ishaq Bhatti
260 _aBasingstoke :
_bPalgrave Macmillan,
_c2008
300 _axxv, 264 p. :
_bill. ;
_c23 cm.
440 0 _aPalgrave Macmillan studies in banking and financial institutions
_9357583
500 _aIncludes index
650 0 _aBanks and banking, Pakistani
_9359457
650 0 _aBanks and banking
_xReligious aspects
_xIslam
_94687
650 0 _aBanks and banking
_zPakistan
_9358221
700 1 _aBhatti, M. Ishaq,
_d1957-,
_4jt. aut
_9359458
887 _a
901 _a560333
_b23.2.2009
902 _aE 332.1 K 527
942 _2ddc
_cBKS
949 _AVIRTUAITEM
_D10000
_X100
_6PUR000560333ENG
999 _aVIRTUA40
_c190831
_d190831
999 _aVTLSSORT0080*0200*0400*0410*0440*0820*1000*2450*2600*3000*4400*5000*6500*6501*6502*7000*9010*9020*9490*9991